| 000 | 00540 a2200193 4500 | ||
|---|---|---|---|
| 003 | OSt | ||
| 005 | 20180116182907.0 | ||
| 008 | 160426b xxu||||| |||| 00| 0 eng d | ||
| 020 | _a615161516151 | ||
| 040 | _c0 | ||
| 082 | _a111 | ||
| 100 | _aPrashanth,K. | ||
| 110 | _aICFAI | ||
| 245 |
_aReorganizing the ABB-From Matrix to Customer-Centric Organization Structure (B) _cICMR Case Collection |
||
| 250 | _aHROB 033 | ||
| 260 |
_aIndia _bICFAI Center for Management Research _c2003 |
||
| 300 | _a28p | ||
| 942 |
_aNBS _cCS _k111 ICF _2ddc |
||
| 999 |
_c347995 _d347995 |
||